000 00940nam a2200301Ia 4500
001 Para_7902
003 CHAP
008 220125s1924 xx 000 0 und d
010 _a206851
040 _cCHAP
082 _aPA-C 595.75 H4
100 _aFlint, W.P.
_941292
245 _aCalcium cyanide for chinch-bug control /
_c by W. P. Flint and W.V. Balduf
260 _aUrbana, 111 :
_b Agricultural Experiment Station
300 _a73-84 p.
440 _aHemiptera; 8
_9172879
500 _aEncuadernado con otros impresos similares
650 _a
_x Hemípteros
_x colecciones de escritos
_x Control biológico de insectos
_9173196
700 _aBalduf, W.V.
_9173197
710 _aIllinois Agr. Exp. Sta. Bulletin; 249
_9173198
901 _aPA-C 595.75 H4
902 _aA
905 _a0000001924 0000000000 00
910 _a1924
942 _cPARA
942 _cPARA
_d1
999 _c206851
_d206851